Music Quiz

Random Music or Bands Quiz

Five-Letter Bands and Musicians Quiz Stats

 Plays Quiz Updated May 6, 2017

Support Sporcle.
Go Orange.
Score 0/18 Timer 03:00
1 Play Today
Song Band or Musician % Correct
Bohemian RhapsodyQueen
96.4%
Rolling in the DeepAdele
91.9%
WonderwallOasis
85.9%
Bye Bye Bye'N Sync
72.9%
Tik TokKe$ha
71.1%
Hey, Soul SisterTrain
69.1%
BarracudaHeart
62.5%
Sharp Dressed ManZZ Top
61%
Somebody That I Used to KnowGotye
58.1%
Song Band or Musician % Correct
Yeah!Usher
58%
Sexy and I Know ItLMFAO
54.2%
Sunshine of Your LoveCream
52.4%
With Arms Wide OpenCreed
50.4%
Fields of GoldSting
49.6%
Rock Me AmadeusFalco
45.1%
Nuthin' but a 'G' ThangDr. Dre
37.6%
Silly Love SongsWings
37.5%
You Were Meant for MeJewel
26.8%

You're not logged in!

Compare scores with friends on all Sporcle quizzes.
OR
Log In
Forgot?

From the Vault

Actresses by 3 Top Movies

by awesomeness365

Oddly, Crossroads with Zoe Saldana and Britney Spears didn't make the list.
Remove Ads.
Support Sporcle.
Get the best of Sporcle when you Go Orange. This ad-free experience offers more features, more stats, and more fun while also helping to support Sporcle. Thank you for becoming a member.

Show Comments

Extras

Top Quizzes Today


Score Distribution

Your Account Isn't Verified!

In order to create a playlist on Sporcle, you need to verify the email address you used during registration. Go to your Sporcle Settings to finish the process.

Report this User

Report this user for behavior that violates our Community Guidelines.

Details: